| 000 | 00996nam a2200325Ia 4500 | ||
|---|---|---|---|
| 001 | dia_299 | ||
| 003 | CHAP | ||
| 005 | 20251023163241.0 | ||
| 008 | 220117s2009 xx 000 0 und d | ||
| 010 | _a176417 | ||
| 020 | _a978-958-97181-3-1 | ||
| 040 | _cCHAP | ||
| 082 | _a633.8 D87 2009 | ||
| 100 | 1 |
_aDurán Ramírez, Felipe _934702 |
|
| 245 |
_aPlantas aromáticas y medicinales : curación con plantas, preparados, usos de la sábila / _c Felipe Durán Ramírez |
||
| 260 |
_aColombia : _b Grupo Latino, _c2009 |
||
| 300 | _a160 p. | ||
| 440 |
_aGranja integral _950385 |
||
| 503 | _aC. | ||
| 504 | _aBibliografía: p. 160 | ||
| 590 | _aSB301 D87 2009 | ||
| 650 |
_aEssential oil crops _9158778 |
||
| 650 |
_aMedicinal plants _9150666 |
||
| 650 |
_aPlantas aromáticas / _988900 |
||
| 650 |
_aPlantas medicinales _9150669 |
||
| 901 | _a633.8 D87 2009 | ||
| 902 | _aM | ||
| 905 | _a5232272009 ck dn 8222223322spa16 | ||
| 942 |
_cLIBRO _2ddc |
||
| 999 |
_c176417 _d176417 |
||